000 00328nam a2200133Ia 4500
008 240624s9999 xx 000 0 und d
041 _aeng
082 _a658.3 BAR
100 _aBARKER ALAN
245 _aHOW TO HOLD BETTER MEETINGS
260 _c2009
_aNew Delhi
_bKogan Page
300 _a144 : p. ; 22cm.
365 _cRS
_b33.5
999 _c18849
_d18849